[Event "Florianopolis op 10th"]
[Site "Florianopolis"]
[Date "2024.01.26"]
[Round "8"]
[White "Zabala, Antonio Murara"]
[Black "Dos Santos, Welligton Carlos"]
[Result "0-1"]
[WhiteElo "1797"]
[BlackElo "1541"]
[PlyCount "49"]
[EventDate "2024.01.20"]
[EventType "swiss"]
[EventRounds "10"]
[EventCountry "BRA"]
[SourceTitle "CB05_2024"]
[SourceDate "2024.01.31"]
[SourceVersion "1"]
[SourceVersionDate "2024.01.31"]
[SourceQuality "1"]

1. e4 c5 2. Nf3 Nc6 3. Bb5 g6 4. 0-0 Bg7 5. c3 d6 6. d4 cxd4 7. cxd4 Bd7 8. Nc3 Nf6 9. Be3 0-0 10. a3 a6 11. Bd3 e5 12. dxe5 dxe5 13. Bc4 Bg4 14. h3 Qxd1 15. Rfxd1 Bxf3 16. gxf3 Rac8 17. Ba2 b5 18. Bg5 Nd4 19. Bxf6 Bxf6 20. Kg2 Bg5 21. f4 Bxf4 22. Nd5 Bg5 23. f4 Rc2+ 24. Kf1 Bh4 25. Rdc1 0-1

[Event "Florianopolis op 10th"]
[Site "Florianopolis"]
[Date "2024.01.21"]
[Round "2"]
[White "Dos Santos, Welligton Carlos"]
[Black "Motta, Agahta dos Santos"]
[Result "1-0"]
[WhiteElo "1541"]
[BlackElo "1124"]
[PlyCount "63"]
[EventDate "2024.01.20"]
[EventType "swiss"]
[EventRounds "10"]
[EventCountry "BRA"]
[SourceTitle "CB05_2024"]
[SourceDate "2024.01.31"]
[SourceVersion "1"]
[SourceVersionDate "2024.01.31"]
[SourceQuality "1"]

1. c4 Nf6 2. Nc3 g6 3. g3 Bg7 4. Bg2 0-0 5. d3 d6 6. e4 Nbd7 7. Nge2 e5 8. 0-0 a5 9. f4 Nc5 10. h3 c6 11. Be3 Nfd7 12. Rc1 Rb8 13. a3 b5 14. cxb5 cxb5 15. b4 Ne6 16. Nd5 Nd4 17. Nxd4 exd4 18. Bd2 Bb7 19. Qb3 a4 20. Qa2 Nb6 21. Nxb6 Qxb6 22. f5 Rfc8 23. fxg6 Rxc1 24. gxf7+ Kh8 25. Bxc1 Rf8 26. Qe6 Bc8 27. Qd5 Bb7 28. Qh5 Bc8 29. Bh6 Bxh6 30. Qxh6 Qd8 31. e5 dxe5 32. Be4 1-0

[Event "Catarinense-ch"]
[Site "Itajai"]
[Date "2023.11.26"]
[Round "5"]
[White "Cordioli, Jairo Ribeiro"]
[Black "Dos Santos, Welligton Carlos"]
[Result "0-1"]
[WhiteElo "1738"]
[BlackElo "1483"]
[PlyCount "64"]
[EventDate "2023.11.24"]
[EventType "swiss"]
[EventRounds "6"]
[EventCountry "BRA"]
[SourceTitle "CB50_2023"]
[SourceDate "2023.12.13"]
[SourceVersion "1"]
[SourceVersionDate "2023.12.13"]
[SourceQuality "1"]

1. d4 d5 2. c4 c6 3. Nf3 Nf6 4. Nc3 e6 5. Bg5 Be7 6. e3 h6 7. Bh4 Nbd7 8. Bd3 dxc4 9. Bxc4 b5 10. Bd3 a6 11. 0-0 Bb7 12. Rc1 c5 13. Ne5 cxd4 14. exd4 0-0 15. Qe2 Nb6 16. Rcd1 Rc8 17. Rfe1 Nfd5 18. Bxe7 Qxe7 19. Nxd5 Nxd5 20. Qe4 Nf6 21. Qh4 Nd5 22. Qg3 Qg5 23. Qxg5 hxg5 24. Nd7 Rfe8 25. Nc5 Bc6 26. a3 a5 27. g3 b4 28. axb4 Nxb4 29. Be4 Bxe4 30. Nxe4 g4 31. Nc3 Rc4 32. Rc1 Nc6 0-1

[Event "Santa Catarina State-ch 65th"]
[Site "Rio Negrinho"]
[Date "2021.07.25"]
[Round "7"]
[White "Decezare, Jucian Kaue"]
[Black "Dos Santos, Welligton Carlos"]
[Result "1-0"]
[WhiteElo "1601"]
[BlackElo "1270"]
[PlyCount "89"]
[EventDate "2021.07.22"]
[EventType "swiss"]
[EventRounds "7"]
[EventCountry "BRA"]
[SourceTitle "EXT 2022"]
[Source "ChessBase"]
[SourceDate "2021.10.06"]
[SourceVersion "1"]
[SourceVersionDate "2021.10.06"]
[SourceQuality "1"]

1. e4 c5 2. Nf3 Nc6 3. d3 d6 4. g3 g6 5. Bg2 Bg7 6. 0-0 Nf6 7. Nbd2 0-0 8. Re1 Nd7 9. c3 b5 10. Nf1 Rb8 11. h4 b4 12. Bd2 Ba6 13. Qc2 Nde5 14. Nxe5 Nxe5 15. c4 Nc6 16. Rad1 Nd4 17. Qc1 Re8 18. b3 Qa5 19. Qb1 Bc8 20. Nh2 Qb6 21. Qc1 a5 22. Bh6 Bh8 23. Qf4 Bd7 24. Nf3 a4 25. Rb1 axb3 26. axb3 Ra8 27. Ng5 f6 28. Nf3 e5 29. Qd2 Nxf3+ 30. Bxf3 Ra3 31. Qb2 Rea8 32. Ra1 Qa5 33. Rxa3 bxa3 34. Qa1 Qb4 35. Rb1 a2 36. Kg2 Ra3 37. Rc1 Qxb3 38. Bd1 Qxd3 39. Qb2 Qxe4+ 40. Kh2 Qa8 41. Qb6 a1Q 42. Rxa1 Rxa1 43. Bf3 Qc8 44. Qd8+ Kf7 45. Bd5+ 1-0

[Event "Santa Catarina State-ch 65th"]
[Site "Rio Negrinho"]
[Date "2021.07.25"]
[Round "6"]
[White "Dos Santos, Welligton Carlos"]
[Black "Staats, Gustavo Da Silva"]
[Result "1/2-1/2"]
[WhiteElo "1270"]
[BlackElo "1525"]
[PlyCount "82"]
[EventDate "2021.07.22"]
[EventType "swiss"]
[EventRounds "7"]
[EventCountry "BRA"]
[SourceTitle "EXT 2022"]
[Source "ChessBase"]
[SourceDate "2021.10.06"]
[SourceVersion "1"]
[SourceVersionDate "2021.10.06"]
[SourceQuality "1"]

1. c4 c6 2. Nc3 d5 3. cxd5 cxd5 4. d4 Nf6 5. g3 Nc6 6. Bg2 Bf5 7. Nf3 h6 8. Ne5 Rc8 9. 0-0 e6 10. Nxc6 Rxc6 11. Qb3 Qb6 12. Qxb6 Rxb6 13. b3 Bb4 14. Bb2 0-0 15. Na4 Rc6 16. Rac1 Rfc8 17. Rxc6 Rxc6 18. Rc1 Rxc1+ 19. Bxc1 b6 20. a3 Bd6 21. Nc3 a6 22. b4 b5 23. Kf1 Nd7 24. e4 dxe4 25. Nxe4 Bxe4 26. Bxe4 Kf8 27. Bb7 Nb8 28. Be3 Bc7 29. d5 a5 30. bxa5 Bxa5 31. dxe6 fxe6 32. Ba7 Bc7 33. Bf3 Bd6 34. Be2 Nc6 35. Be3 Bxa3 36. Bxb5 Ne5 37. h3 Kf7 38. f4 Ng6 39. Bc4 Ne7 40. g4 Nd5 41. Bd2 Bb2 1/2-1/2

[Event "Santa Catarina State-ch 65th"]
[Site "Rio Negrinho"]
[Date "2021.07.24"]
[Round "4"]
[White "Dos Santos, Welligton Carlos"]
[Black "Andrade, Moacir Belarmino F"]
[Result "1-0"]
[WhiteElo "1270"]
[BlackElo "1570"]
[PlyCount "102"]
[EventDate "2021.07.22"]
[EventType "swiss"]
[EventRounds "7"]
[EventCountry "BRA"]
[SourceTitle "EXT 2022"]
[Source "ChessBase"]
[SourceDate "2021.10.06"]
[SourceVersion "1"]
[SourceVersionDate "2021.10.06"]
[SourceQuality "1"]

1. c4 e5 2. Nc3 Nc6 3. g3 Nf6 4. Bg2 Be7 5. d3 0-0 6. Nf3 d6 7. 0-0 Bd7 8. Bd2 Qc8 9. Re1 Bh3 10. Bh1 Rb8 11. a3 a6 12. b4 Nd8 13. Rb1 b6 14. a4 Bd7 15. Qc2 c5 16. bxc5 bxc5 17. Rxb8 Qxb8 18. Rb1 Qc7 19. Qb3 Nc6 20. Qb6 Qxb6 21. Rxb6 Nb4 22. Nh4 Bc8 23. Nd5 Nfxd5 24. Bxd5 Nxd5 25. cxd5 f5 26. Ng2 Rd8 27. Ne3 g5 28. Nc4 Kf7 29. e3 h5 30. f3 g4 31. Kf2 h4 32. Kg2 hxg3 33. Kxg3 f4+ 34. exf4 Bf5 35. Nb2 gxf3 36. Kxf3 Rh8 37. fxe5 dxe5 38. Nc4 Rxh2 39. Nxe5+ Kg7 40. Ke3 Rh3+ 41. Ke2 Rh2+ 42. Kd1 Bf6 43. Rb7+ Kg8 44. d4 Bc2+ 45. Kc1 Bxa4 46. Rb6 Bb5 47. Rxf6 Re2 48. Rf3 c4 49. d6 Ba4 50. d7 Bxd7 51. Nxd7 a5 1-0

[Event "Santa Catarina State-ch 65th"]
[Site "Rio Negrinho"]
[Date "2021.07.23"]
[Round "3"]
[White "Da Cunha, Gastao"]
[Black "Dos Santos, Welligton Carlos"]
[Result "1-0"]
[WhiteElo "1522"]
[BlackElo "1270"]
[PlyCount "53"]
[EventDate "2021.07.22"]
[EventType "swiss"]
[EventRounds "7"]
[EventCountry "BRA"]
[SourceTitle "EXT 2022"]
[Source "ChessBase"]
[SourceDate "2021.10.06"]
[SourceVersion "1"]
[SourceVersionDate "2021.10.06"]
[SourceQuality "1"]

1. e4 c5 2. Bc4 Nc6 3. Nc3 g6 4. Nge2 Bg7 5. d3 d6 6. 0-0 Nf6 7. Ng3 0-0 8. f4 Na5 9. Bb3 Nxb3 10. axb3 e6 11. f5 exf5 12. exf5 Bd7 13. Bg5 Qb6 14. Kh1 Bc6 15. Qd2 Rfe8 16. fxg6 Re6 17. gxf7+ Kxf7 18. Nh5 Rf8 19. Nxf6 Bxf6 20. Rxf6+ Rxf6 21. Bxf6 Rg8 22. Ne4 Bxe4 23. dxe4 Kxf6 24. Qh6+ Ke5 25. Qxh7 Qd8 26. Qf5+ Kd4 27. Rd1+ 1-0